Normal intermediate extensions of symmetric relations

Let S be a closed symmetric relation in a Hilbert space. If S is densely defined, then the normal extensions of S are selfadjoint. In general, normal nonselfadjoint intermediate extensions may not exist. Necessary and sufficient conditions for the existence of normal nonselfadjoint intermediate exte...

Teljes leírás

Elmentve itt :
Bibliográfiai részletek
Szerzők: Hassi Seppo
de Snoo H. S. V.
Szafranieć Franciszek Hugon
Dokumentumtípus: Cikk
Megjelent: Bolyai Institute, University of Szeged Szeged 2014
Sorozat:Acta scientiarum mathematicarum 80 No. 1-2
Kulcsszavak:Matematika
Tárgyszavak:
mtmt:http://dx.doi.org/10.14232/actasm-013-008-0
Online Access:http://acta.bibl.u-szeged.hu/34492
LEADER 01264nab a2200253 i 4500
001 acta34492
005 20260305131500.0
008 161017s2014 hu o 000 eng d
022 |a 0001-6969 
024 7 |a http://dx.doi.org/10.14232/actasm-013-008-0  |2 doi 
040 |a SZTE Egyetemi Kiadványok Repozitórium  |b hun 
041 |a eng 
100 1 |a Hassi Seppo 
245 1 0 |a Normal intermediate extensions of symmetric relations  |h [elektronikus dokumentum] /  |c  Hassi Seppo 
260 |a Bolyai Institute, University of Szeged  |b Szeged  |c 2014 
300 |a 195-232 
490 0 |a Acta scientiarum mathematicarum  |v 80 No. 1-2 
520 3 |a Let S be a closed symmetric relation in a Hilbert space. If S is densely defined, then the normal extensions of S are selfadjoint. In general, normal nonselfadjoint intermediate extensions may not exist. Necessary and sufficient conditions for the existence of normal nonselfadjoint intermediate extensions are developed and all such extensions are parametrized. 
650 4 |a Természettudományok 
650 4 |a Matematika 
695 |a Matematika 
700 0 2 |a de Snoo H. S. V.  |e aut 
700 0 2 |a Szafranieć Franciszek Hugon  |e aut 
856 4 0 |u http://acta.bibl.u-szeged.hu/34492/1/math_080_numb_001_002_195-232.pdf  |z Dokumentum-elérés